| 000 | 00734 a2200265 4500 | ||
|---|---|---|---|
| 001 | 066102 | ||
| 003 | OSt | ||
| 005 | 20260212103032.0 | ||
| 008 | |||
| 082 |
_a306.440954 _bL26L |
||
| 245 | 1 |
_aLanguage in South Asia _cedited by Braj B. Kachru, Yamuna Kachru and S.N. Sridhar |
|
| 260 |
_aUK _bCambridge University Press _c2008 |
||
| 300 | _a608p. | ||
| 546 | _aEnglish | ||
| 650 | _2Multilingualism | ||
| 650 | _2Sociolinguistics | ||
| 650 | _2South Asia | ||
| 650 | _2Indic philology | ||
| 650 | _2Language planning | ||
| 650 | _2Language and languages | ||
| 700 |
_aKachru, Braj B. _eEditor |
||
| 700 |
_aKachru, Yamuna _eEditor |
||
| 700 |
_aSridhar, S N _4Editor |
||
| 942 |
_2ddc _cBK |
||
| 999 |
_c293 _d293 |
||